[Event "Santa Fe Rafaela U2200 op"]
[Site "Santa Fe"]
[Date "2018.09.15"]
[Round "3.3"]
[White "Ursprung, Exequiel"]
[Black "Dickau, Daniel"]
[Result "1-0"]
[WhiteElo "1796"]
[BlackElo "1953"]
[PlyCount "59"]
[EventDate "2018.09.14"]
[EventType "swiss"]
[EventRounds "7"]
[EventCountry "ARG"]
[SourceTitle "EXT 2024"]
[Source "ChessBase"]
[SourceDate "2023.10.10"]
[SourceVersion "1"]
[SourceVersionDate "2023.10.10"]
[SourceQuality "1"]

1. d4 c6 2. Nf3 d5 3. e3 Nf6 4. c4 e6 5. Nc3 Nbd7 6. Bd3 dxc4 7. Bxc4 b5 8. Bd3 b4 9. Ne4 Nxe4 10. Bxe4 Bb7 11. Qc2 Qb6 12. b3 Rc8 13. Bb2 Bd6 14. Bxh7 c5 15. d5 e5 16. Bf5 Bxd5 17. Bxd7+ Kxd7 18. Nxe5+ Bxe5 19. Bxe5 f6 20. Qf5+ Be6 21. Qd3+ Ke7 22. Bg3 c4 23. bxc4 Bxc4 24. Qe4+ Kf7 25. Rc1 Rhe8 26. Qf3 Be2 27. Qd5+ Kg6 28. Kxe2 Rcd8 29. Qc4 a5 30. Bc7 1-0

[Event "Villa Ballester Verano op 60th"]
[Site "Villa Ballester"]
[Date "2010.01.20"]
[Round "1"]
[White "Habib, Carlos"]
[Black "Dickau, Daniel"]
[Result "1-0"]
[WhiteElo "1778"]
[BlackElo "2127"]
[PlyCount "69"]
[EventDate "2010.01.20"]
[EventType "swiss"]
[EventRounds "9"]
[EventCountry "ARG"]
[SourceTitle "CBM 134 Extra"]
[Source "ChessBase"]
[SourceDate "2010.03.03"]
[SourceVersion "1"]
[SourceVersionDate "2010.03.03"]
[SourceQuality "1"]

1. e4 c6 2. d4 d5 3. exd5 cxd5 4. Nf3 Nc6 5. c3 Nf6 6. Bd3 Bg4 7. h3 Bh5 8. Bf4 e6 9. Nbd2 Bd6 10. Bg5 Qc7 11. c4 Nxd4 12. Qa4+ Qc6 13. Qxc6+ Nxc6 14. Bxf6 gxf6 15. cxd5 exd5 16. Bb5 0-0 17. 0-0 Bb4 18. g4 Bg6 19. Rac1 Ne5 20. Rc7 Ba5 21. Rxb7 Rfb8 22. Ba6 Rxb7 23. Bxb7 Rb8 24. Bxd5 Bxd2 25. Nxd2 Rd8 26. Ne4 Kg7 27. Bb7 Rb8 28. Nd6 Rd8 29. Rd1 Kf8 30. Rd2 Rd7 31. f4 Nd3 32. f5 Nc5 33. fxg6 hxg6 34. Bg2 Ke7 35. Nc8+ 1-0

[Event "Villa Ballester Verano op 59th"]
[Site "Villa Ballester"]
[Date "2009.01.23"]
[Round "3"]
[White "Dickau, Daniel"]
[Black "Dizdarevic, Barbara"]
[Result "1/2-1/2"]
[WhiteElo "2127"]
[BlackElo "1887"]
[PlyCount "53"]
[EventDate "2009.01.06"]
[EventType "swiss"]
[EventRounds "9"]
[EventCountry "ARG"]
[SourceTitle "CBM 128 Extra"]
[Source "ChessBase"]
[SourceDate "2009.03.05"]
[SourceVersion "2"]
[SourceVersionDate "2009.03.25"]
[SourceQuality "1"]

1. d4 c5 2. Nf3 cxd4 3. Nxd4 d5 4. e4 e5 5. Bb5+ Bd7 6. Bxd7+ Nxd7 7. Nf3 dxe4 8. Ng5 Ngf6 9. Qe2 Nc5 10. Be3 Qa5+ 11. Nd2 h6 12. Bxc5 Bxc5 13. Nh3 0-0 14. c3 Qb6 15. b4 Bxf2+ 16. Nxf2 e3 17. 0-0 exd2 18. Qxd2 e4 19. Rfe1 Rfe8 20. Qe3 Qc6 21. Qg3 e3 22. Rxe3 Rxe3 23. Qxe3 Nd5 24. Qf3 Qxc3 25. Qxc3 Nxc3 26. a3 Re8 27. Kf1 1/2-1/2

[Event "Villa Ballester op 56th"]
[Site "Villa Ballester"]
[Date "2006.01.14"]
[Round "8"]
[White "Roh, Claudio"]
[Black "Dickau, Daniel"]
[Result "1-0"]
[WhiteElo "2349"]
[BlackElo "2142"]
[PlyCount "79"]
[EventDate "2006.01.03"]
[EventType "swiss"]
[EventRounds "9"]
[EventCountry "ARG"]
[SourceTitle "CBM 110 Extra"]
[Source "ChessBase"]
[SourceDate "2006.03.10"]
[SourceVersion "2"]
[SourceVersionDate "2006.03.10"]
[SourceQuality "1"]

1. f4 d5 2. Nf3 Nf6 3. e3 Bg4 4. b3 Nbd7 5. Bb2 c6 6. Be2 Bxf3 7. Bxf3 Qc7 8. d4 e6 9. 0-0 c5 10. c4 cxd4 11. cxd5 dxe3 12. dxe6 fxe6 13. Na3 Bc5 14. Kh1 0-0 15. Rc1 a5 16. Qd3 Rac8 17. Nc4 Rfd8 18. a3 Qxf4 19. Nxa5 Ne5 20. Bxe5 Qxe5 21. Qb5 b6 22. Nc6 Qb2 23. b4 Bd4 24. Nxd8 Rxd8 25. a4 e5 26. Rc7 Kh8 27. Rfc1 e4 28. Be2 Be5 29. Rc8 Rg8 30. Rxg8+ Kxg8 31. Bc4+ Kh8 32. Rd1 h6 33. Be2 Bd4 34. Qc4 Be5 35. a5 bxa5 36. bxa5 h5 37. a6 Qb8 38. Qc5 Bxh2 39. a7 Qg3 40. a8Q+ 1-0

[Event "Villa Ballester LV op"]
[Site "Villa Ballester"]
[Date "2005.01.14"]
[Round "7"]
[White "Malbran, Guillermo"]
[Black "Dickau, Daniel"]
[Result "1-0"]
[WhiteElo "2298"]
[BlackElo "2161"]
[PlyCount "97"]
[EventDate "2005.01.05"]
[EventType "swiss"]
[EventRounds "9"]
[EventCountry "ARG"]
[SourceTitle "CBM 104 Extra"]
[Source "ChessBase"]
[SourceDate "2005.03.01"]
[SourceVersion "1"]
[SourceVersionDate "2005.03.01"]
[SourceQuality "1"]

1. e4 c6 2. d4 d5 3. e5 Bf5 4. Nf3 e6 5. Be2 c5 6. 0-0 Nc6 7. Be3 Bg4 8. dxc5 Bxf3 9. Bxf3 Nxe5 10. Na3 Qa5 11. c4 Nf6 12. Bd4 Nxf3+ 13. Qxf3 Be7 14. Bxf6 Bxf6 15. cxd5 Qxc5 16. dxe6 0-0 17. exf7+ Rxf7 18. Qb3 Qb6 19. Nc4 Qxb3 20. axb3 Bd4 21. Rad1 Rd8 22. Rd2 Rfd7 23. Rfd1 Kf8 24. Kf1 Ke7 25. Ke2 g6 26. b4 Bf6 27. Rxd7+ Rxd7 28. Rxd7+ Kxd7 29. b5 Ke6 30. Kd3 Kd5 31. b4 b6 32. Ne3+ Ke6 33. Ke4 Be7 34. Nc2 Bd6 35. h3 Be5 36. Nd4+ Kd6 37. f4 Bf6 38. g4 Bg7 39. Nc6 Bc3 40. f5 g5 41. Kd3 Bf6 42. Kc4 Kc7 43. Kd5 Kd7 44. Nxa7 Bc3 45. Nc6 Bf6 46. Ne5+ Ke7 47. Nc4 Bc3 48. Nxb6 Bxb4 49. Kc6 1-0

[Event "Villa Ballester LV op"]
[Site "Villa Ballester"]
[Date "2005.01.12"]
[Round "6"]
[White "Dickau, Daniel"]
[Black "Bernal, Lucas"]
[Result "1-0"]
[WhiteElo "2161"]
[BlackElo "1864"]
[PlyCount "65"]
[EventDate "2005.01.05"]
[EventType "swiss"]
[EventRounds "9"]
[EventCountry "ARG"]
[SourceTitle "CBM 104 Extra"]
[Source "ChessBase"]
[SourceDate "2005.03.01"]
[SourceVersion "1"]
[SourceVersionDate "2005.03.01"]
[SourceQuality "1"]

1. d4 Nf6 2. Nf3 g6 3. c4 Bg7 4. g3 0-0 5. Bg2 d6 6. Nc3 Nbd7 7. 0-0 e5 8. h3 Re8 9. e4 exd4 10. Nxd4 Nc5 11. Re1 a5 12. b3 Bd7 13. Bb2 Qc8 14. Kh2 h6 15. Qc2 Nh7 16. Nd5 Ng5 17. Nb5 Bxb5 18. Bxg7 Bc6 19. Bxh6 Bxd5 20. Qc3 Nge6 21. exd5 Kh7 22. Bc1 Ng7 23. Bb2 Rg8 24. Qf6 Qf5 25. Qh4+ Qh5 26. Qxh5+ Nxh5 27. Re7 Rgf8 28. Rxc7 Rae8 29. Bf3 Nd3 30. Bd4 Ne1 31. Bd1 Re4 32. Bc3 Nd3 33. Kg2 1-0

[Event "Villa Ballester op 53th"]
[Site "Villa Ballester"]
[Date "2003.01.17"]
[Round "7"]
[White "Dickau, Daniel"]
[Black "Scarcella, Fernando"]
[Result "1/2-1/2"]
[WhiteElo "2161"]
[BlackElo "2020"]
[PlyCount "80"]
[EventDate "2003.01.15"]
[EventType "swiss"]
[EventRounds "9"]
[EventCountry "ARG"]
[SourceTitle "CBM 092 Extra"]
[Source "ChessBase"]
[SourceDate "2003.03.07"]
[SourceVersion "1"]
[SourceVersionDate "2003.03.07"]
[SourceQuality "1"]

1. d4 Nf6 2. Nf3 c5 3. c4 cxd4 4. Nxd4 Nc6 5. Nc3 Qb6 6. Nc2 g6 7. e4 Bg7 8. Be2 d6 9. 0-0 0-0 10. Rb1 Be6 11. Be3 Qd8 12. Nd4 Nxd4 13. Bxd4 Rc8 14. b3 a6 15. a4 Qc7 16. f4 Rfd8 17. f5 Bd7 18. fxg6 hxg6 19. Qd2 b5 20. axb5 axb5 21. cxb5 Qb7 22. Bc4 Be6 23. Bxe6 fxe6 24. Qd3 e5 25. Be3 d5 26. Nxd5 Nxd5 27. exd5 Qxd5 28. Qxg6 Rd6 29. Qg4 Rc3 30. Rfd1 Rxb3 31. Rxb3 Qxb3 32. Rxd6 Qxe3+ 33. Kf1 exd6 34. Qe6+ Kh8 35. Qe8+ Kh7 36. Qh5+ Qh6 37. Qf5+ Kg8 38. Qc8+ Bf8 39. Qg4+ Kh8 40. b6 d5 1/2-1/2

[Event "Villa Ballester op 53th"]
[Site "Villa Ballester"]
[Date "2003.01.15"]
[Round "6"]
[White "Della Morte, Pablo"]
[Black "Dickau, Daniel"]
[Result "1-0"]
[WhiteElo "2318"]
[BlackElo "2161"]
[PlyCount "83"]
[EventDate "2003.01.15"]
[EventType "swiss"]
[EventRounds "9"]
[EventCountry "ARG"]
[SourceTitle "CBM 092 Extra"]
[Source "ChessBase"]
[SourceDate "2003.03.07"]
[SourceVersion "1"]
[SourceVersionDate "2003.03.07"]
[SourceQuality "1"]

1. e4 c6 2. d4 d5 3. e5 Bf5 4. Nf3 e6 5. Be2 c5 6. 0-0 Nc6 7. c3 Bg4 8. Nbd2 cxd4 9. cxd4 Nge7 10. h3 Bxf3 11. Nxf3 Nf5 12. b3 Be7 13. Bb2 Qb6 14. a3 0-0 15. b4 a6 16. Qd3 f6 17. g4 fxe5 18. gxf5 e4 19. Qe3 exf5 20. Ne1 f4 21. Qb3 Rf5 22. Bg4 Rg5 23. Kh1 Na5 24. Qd1 Nc4 25. Bc1 Qf6 26. Ng2 f3 27. Bxg5 fxg2+ 28. Kxg2 Qxg5 29. Kh1 Rf8 30. Be6+ Kh8 31. Qg4 Qxg4 32. hxg4 Nd2 33. Rg1 Nf3 34. Rgc1 Ng5 35. Bxd5 Rxf2 36. Rc8+ Bf8 37. Re1 g6 38. Bxe4 Kg7 39. Bxb7 Nh3 40. Bg2 Nf4 41. Rf1 Nd3 42. Kg1 1-0

[Event "Villa Ballester op 52nd"]
[Site "Villa Ballester"]
[Date "2002.01.09"]
[Round "6"]
[White "Dickau, Daniel"]
[Black "Obregon, Carlos Andres"]
[Result "1/2-1/2"]
[WhiteElo "2140"]
[BlackElo "2265"]
[PlyCount "95"]
[EventDate "2002.01.02"]
[EventType "swiss"]
[EventRounds "9"]
[EventCountry "ARG"]
[SourceTitle "CBM 086 Extra"]
[Source "ChessBase"]
[SourceDate "2002.03.14"]
[SourceVersion "1"]
[SourceVersionDate "2002.03.14"]
[SourceQuality "1"]

1. d4 Nf6 2. Nf3 g6 3. c4 Bg7 4. g3 0-0 5. Bg2 d6 6. 0-0 Nc6 7. Nc3 e5 8. dxe5 dxe5 9. Qxd8 Rxd8 10. Bg5 Be6 11. b3 h6 12. Bxf6 Bxf6 13. Rad1 Rac8 14. Rxd8+ Rxd8 15. Rd1 Rxd1+ 16. Nxd1 Bd8 17. Nc3 Kf8 18. Nd2 f5 19. e4 f4 20. h3 fxg3 21. fxg3 Ke7 22. Kf2 Kd6 23. Bf1 Bg5 24. Nf3 Bc1 25. Ke2 a6 26. Kd1 Be3 27. a3 Bf2 28. g4 Nd4 29. Nxd4 exd4 30. Nd5 Bg3 31. Nb4 Ke5 32. Nd3+ Kf6 33. Ke2 Bd6 34. a4 b6 35. Kf3 Bd7 36. Be2 Bc6 37. Bf1 Ke6 38. Bg2 Bd7 39. Ke2 c5 40. Kf3 b5 41. axb5 axb5 42. Bf1 bxc4 43. bxc4 Ba4 44. e5 Bc6+ 45. Kf2 Be7 46. Bg2 Be8 47. Bd5+ Kd7 48. Kf3 1/2-1/2